DPAS : Defense Priorities and Allocations System : 15 CFR 700.

Bibliographic Details
Corporate Author: United States. Office of Strategic Industries and Economic Security
Format: Government Document Book
Language:English
Published: [Washington, D.C.?] : Office of Strategic Industries and Economic Security, Bureau of Export Administration, U.S. Dept. of Commerce, [1998]
Edition:Rev. ed.
Subjects:

MARC

Tag First Indicator Second Indicator Subfields
LEADER 00000cam a2200000 a 4500
001 in00000002557
005 20151007050725.0
008 981016s1998 dcua f000 0 eng d
035 |a (OCoLC)40122694 
035 |9 AJD1827AM 
040 |d GPO  |d DLC  |d MvI  |d UtOrBLW 
043 |a n-us--- 
049 |a UMIC 
074 |a 0231-S-01 
086 0 |a C 63.2:D 36/998 
245 0 0 |a DPAS :  |b Defense Priorities and Allocations System : 15 CFR 700. 
246 3 0 |a Defense Priorities and Allocations System 
246 3 0 |a 15 CFR 700 
250 |a Rev. ed. 
264 1 |a [Washington, D.C.?] :  |b Office of Strategic Industries and Economic Security, Bureau of Export Administration, U.S. Dept. of Commerce,  |c [1998] 
300 |a 1 volume (various pagings) :  |b illustrations ;  |c 23 cm. 
336 |a text  |b txt  |2 rdacontent 
337 |a unmediated  |b n  |2 rdamedia 
338 |a volume  |b nc  |2 rdacarrier 
500 |a Shipping list number: 99-0001-P. 
500 |a "August 1998." 
650 0 |a Industrial priorities  |z United States. 
650 0 |a Industrial policy  |z United States. 
650 0 |a Defense contracts  |z United States. 
710 1 |a United States.  |b Office of Strategic Industries and Economic Security. 
999 |a MARS 
999 f f |s 4351ebda-a0b4-33d1-b762-bbbb8ddfef36  |i ea0b2ea0-73b6-39bc-b15b-2d8f5b9e5842  |t 0 
952 f f |p normal  |a Texas A&M University  |b College Station  |c Sterling C. Evans Library  |d Evans: US Documents (Annex 5th floor)  |t 0  |e C 63.2:D 36/998  |h Superintendent of Documents classification  |i unmediated -- volume  |m A14824395335 
998 f f |a C 63.2:D 36/998  |t 0  |l Evans: US Documents (Annex 5th floor)